000 01065nam a2200289 i 4500
001 bg
100 1 _aGERMINET, Robert
245 1 0 _aPrzygotowanie do niepewnego /
_cRobert Germinet ; z przedmową i posłowiem Georgesa Charpaka i z posł. Leona Ledermana ; tł. Zdzisław Trzaska.
246 _iTyt. oryg.:
_aL'apprentissage de l'incertain
260 _aWarszawa :
_bOficyna Wydawnicza Politechniki Warszawskiej,
_c1999.
300 _a180 s. :
_bil. ;
_c21 cm.
500 _aTyt. oryg. : "L'apprentissage de l'incertain".
650 9 _aEksperyment
650 9 _aKształcenie politechniczne
_xszkolnictwo wyższe
_xmetody
650 9 _aKształcenie politechniczne
_xszkolnictwo wyższe
_xorganizacja
650 9 _aPraktyki studenckie
700 1 _aCHARPAK, Georges.
_ePrzedm.
700 1 _aLEDERMAN, Leon M.
_ePrzedm.
700 1 _aTRZASKA, Zdzisław.
_eTł.
020 _a8372071373
040 _cBPK
041 1 _apol
_hfre
080 _a378.662:373.62:371.388
920 _a83-7207-137-3
942 _cKS
008 s pl f |000 0 pol
999 _c44964
_d44964